| Поле | Название | Значение |
| |
Тип записи |
c |
| |
Библиографический уровень |
m |
| 001 |
Контрольный номер |
UONB/MAIN/064758dba0a54d2aa80f7036834b6692 |
| 005 |
Дата корректировки |
20240703142220.2 |
| 010 |
Индекс ISBN |
__ |
| a |
ISBN |
5-255-01382-Х |
| 100 |
Данные общей обработки |
__ |
| a |
Данные общей обработки |
20240703d2000 u y0rusy0189 ca |
| 101 |
Язык документа |
0_ |
| a |
Язык текста |
rus |
| f |
Язык титульного листа |
rus |
| 102 |
Страна публикации |
__ |
| a |
Страна публикации |
RU |
| 200 |
Заглавие и сведения об ответственности |
1_ |
| a |
Заглавие |
Святая Русь |
| b |
Общее обозначение материала |
Ноты |
| e |
Сведения, относящиеся к заглавию |
хоровая духовная музыка |
| e |
Сведения, относящиеся к заглавию |
[для смешанного хора с сопровождением фортепиано и без сопровождения] |
| e |
Сведения, относящиеся к заглавию |
в двух книгах |
| f |
Первые сведения об ответственности |
составители В. А. Калинин и О. В. Румянцева |
| g |
Последующие сведения об ответственности |
предисловие издателя |
| 210 |
Выходные данные |
1_ |
| a |
Место издания |
Москва |
| c |
Издательство |
Профиздат |
| d |
Дата издания |
2000 - |
| 215 |
Физическое описание |
__ |
| d |
Формат |
29 см |
| 300 |
Общие примечания |
__ |
| a |
Общие примечания |
К двухтысячелетию Рождества Христова. Издается с благословения его Святейшества патриарха Московского и всея Руси Алексия II |
| 686 |
Индексы других классификаций |
__ |
| a |
Классификационный индекс |
85 |
| 2 |
Код системы |
rubbk |
| 702 |
Вторичная интеллектуальная ответственность |
_1 |
| a |
Фамилия |
Калинин |
| b |
Имя (инициалы) |
В. А. |
| g |
Полное личное имя |
Валерий Александрович |
| 4 |
Код отношения |
220 |
| 702 |
Вторичная интеллектуальная ответственность |
_1 |
| a |
Фамилия |
Румянцева |
| b |
Имя (инициалы) |
О. В. |
| g |
Полное личное имя |
Ольга Валерьевна |
| 4 |
Код отношения |
220 |
| 801 |
Источник записи |
_0 |
| a |
Страна |
RU |
| b |
Организация |
Ульяновская ОНБ |
| c |
Дата составления |
20240703 |
| g |
Правила каталогизации |
RCR |
| 801 |
Источник записи |
_1 |
| a |
Страна |
RU |
| b |
Организация |
Ульяновская ОНБ |
| c |
Дата составления |
20240703 |
| g |
Правила каталогизации |
RCR |
| 901 |
Тип документа |
__ |
| t |
Тип документа |
v |
| 909 |
Создатель записи |
__ |
| a |
Создатель записи |
Грязнова И. Е. |
| b |
Дата создания записи |
20240703 |